Представление документа в формате MARC21

Поле Инд. ПП Название Значение
Тип записи a
Библиографический уровень m
001 Контрольный номер RU/IS/BASE/372425868
005 Дата корректировки 20140703200141.2
040 a Служба первич. каталог. НБ ТвГУ
b Код языка каталог. rus
e Правила каталог. PSBO
041 0_ a Код языка текста rus
080 a Индекс УДК 81'42(043.3)
084 a Индекс другой классификации/Индекс ББК Ш107я031
090 a Полочн. индекс Ш107
x Авторский знак Ж 86
100 a Автор Жукова Екатерина Геннадьевна
q Полное имя Жукова Е. Г.
245 10 a Заглавие Когнитивно-дискурсивная специфика структурно-семантических аддиций (на материале художественной прозы XX века)
b Продолж. заглавия автореф. дис. ... к.ф.н. : 10.02.19
c Ответственность ФГБОУ ВПО "Ставроп. гос. ун-т"
260 a Место издания Ставрополь
b Издательство Ставропольский государственный университет
c Дата издания 2011
300 a Объем 23 с.
500 a Примечание На правах рукоп.
504 a Библиография Библиогр. в конце кн. (12 назв.)
653 a Ключевые слова Авторефераты
a Ключевые слова Лингвистика текста
a Ключевые слова Лингвостилистический анализ
a Ключевые слова Теория языка
a Ключевые слова Языкознание
901 t Тип документа m
920 a Оператор Густ
930 a Новая/Ретро авторефераты
952 c Вид литературы А/Р н
954 a Дата поступления на обработку 20111020